| 000 | 00890nam a2200229Ia 4500 | ||
|---|---|---|---|
| 001 | L475-25530 | ||
| 003 | IT-CnALBA | ||
| 008 | 170116s9999||||xx |||||||||||||| ||und|| | ||
| 040 |
_aIT-CnALBA _cIT-CnALBA |
||
| 041 | _aLATINO | ||
| 100 | _aSARRO GIOVANNI | ||
| 245 | 0 | _aSERMO LATINUS. GRAMMATICA LATINA. TEORIA. | |
| 250 | _a6a ed. | ||
| 260 |
_a ROMA _bSIGNORELLI ANGELO, EDITORE _c1955 [1° Ed.: n.d.] |
||
| 300 | _a219 p. | ||
| 500 | _aFONOLOGIA MORFOLOGIA. ETIMOLOGIA. METRICA. SINTASSI DELLA PROPOSIZIONE E DEL PERIODO. INDICE ANALITICO. | ||
| 501 | _aSocietà San Paolo EM - Piazza San Paolo, 14 - 12051 ALBA (CN) (non commercial uses only) ® Copyright 2017 | ||
| 520 | _aFONOLOGIA MORFOLOGIA. ETIMOLOGIA. METRICA. SINTASSI DELLA PROPOSIZIONE E DEL PERIODO. INDICE ANALITICO. | ||
| 650 | _aGRAMMATICA LATINA SINTASSI ESERCIZI | ||
| 942 | _cBK | ||
| 957 | _71 | ||
| 999 |
_a30317 _bNO _g Copie: 1 _c284643 _d284643 |
||